Statistiques concernant Les choses qui sont jaunes par l'image

Cliquez ici pour prendre le quiz!

Statistiques générales

  • Ce quiz a été pris 163 fois
  • Le résultat moyen est 8 sur 15

Statistiques - réponses

Réponse% Correct
tournesol
100%
Ferrari
86%
jonquille
81%
serin
76%
Brésil
75%
Emmental
75%
Chine
66%
Vatican
61%
maillot jaune
55%
soufre
52%
Golden retriever
46%
carambole
29%
fleuve Jaune
23%
Kyoto
17%
tremble
1%

Distribution des résultats

Percentile par nombre de réponses

% des personnes avec chaque résultat

Votre développement - résultats

Vous n’avez pas pris ce quiz